[Event "OLNO 2122 Greifswalder SV - SC Kreuzber"]
[Site "?"]
[Date "2022.03.19"]
[Round "3.2"]
[White "Weber, Max"]
[Black "Muse, Drazen"]
[Result "1/2-1/2"]
[WhiteElo "2238"]
[BlackElo "2325"]
[PlyCount "45"]
[EventDate "2022.??.??"]

1. Nf3 Nf6 2. c4 e6 3. g3 a6 4. Bg2 b5 5. d3 Bb7 6. O-O Be7 7. Nc3 b4 8. Na4 d5
9. Ne5 Nbd7 10. Nxd7 Qxd7 11. Be3 Bc6 12. Nc5 Bxc5 13. Bxc5 dxc4 14. Bxb4 Bxg2
15. Kxg2 cxd3 16. exd3 Rb8 17. Ba3 h5 18. h4 Qd5+ 19. Qf3 Qxf3+ 20. Kxf3 Rb5
21. Rac1 Rf5+ 22. Ke2 Kd7 23. Rc4 1/2-1/2

[Event "OLNO 2122 Greifswalder SV - SC Kreuzber"]
[Site "?"]
[Date "2022.03.19"]
[Round "3.3"]
[White "Maetzkow, Maximilian Paul"]
[Black "Skibbe, Willi"]
[Result "1-0"]
[WhiteElo "2285"]
[BlackElo "2182"]
[PlyCount "103"]
[EventDate "2022.??.??"]

1. e4 Nf6 2. Nc3 e5 3. Nf3 d6 4. d4 Nbd7 5. g3 Be7 6. Bg2 O-O 7. O-O c6 8. h3
Qc7 9. Re1 Re8 10. b3 Nf8 11. Bb2 Ng6 12. dxe5 dxe5 13. Qe2 h6 14. Nb1 Be6 15.
Nbd2 b5 16. c4 b4 17. Nf1 Bc5 18. Qc2 Nd7 19. Ne3 Bxe3 20. Rxe3 Nc5 21. Ne1
Red8 22. Nd3 Nxd3 23. Rxd3 Rxd3 24. Qxd3 Rd8 25. Qe3 Qd7 26. Bf3 Bxh3 27. a3
bxa3 28. Bxa3 Qd4 29. Rd1 Qb6 30. Rxd8+ Qxd8 31. Qxa7 Qd3 32. Qe3 Qf1+ 33. Kh2
Be6 34. Be2 Qa1 35. Bd6 Nf8 36. b4 Nd7 37. b5 cxb5 38. cxb5 Qb2 39. Bc7 Nf6 40.
Kg2 Bd7 41. Qd3 Bc8 42. Qd8+ Kh7 43. Qxc8 Qxe2 44. Qf5+ Kg8 45. b6 Qa6 46. Qxe5
Qb7 47. f3 Qc6 48. Qb2 Nd7 49. Qb3 g5 50. g4 Qc1 51. Bg3 Nc5 52. b7 1-0

[Event "OLNO 2122 Greifswalder SV - SC Kreuzber"]
[Site "?"]
[Date "2022.03.19"]
[Round "3.5"]
[White "Moritz, Aron"]
[Black "Leisner, Hannes"]
[Result "1-0"]
[WhiteElo "2208"]
[BlackElo "2247"]
[PlyCount "95"]
[EventDate "2022.??.??"]

1. e4 c5 2. Nf3 e6 3. d4 cxd4 4. Nxd4 a6 5. Bd3 Bc5 6. Nb3 Be7 7. Qg4 g6 8. Qe2
d6 9. a4 Nc6 10. O-O Qc7 11. a5 Nf6 12. Bh6 Ne5 13. h3 Bd7 14. N1d2 Rc8 15. f4
Nxd3 16. cxd3 b5 17. axb6 Qxb6+ 18. Kh2 Bb5 19. Rf3 Nd7 20. Nc4 Qb8 21. Nd4 g5
22. Nxb5 axb5 23. Ne3 gxf4 24. Rxf4 Bf6 25. Rxf6 Nxf6 26. Bg7 Ke7 27. Rf1 Nd7
28. Qh5 Rhf8 29. Ng4 d5+ 30. Kh1 dxe4 31. dxe4 Qg3 32. Bxf8+ Rxf8 33. Qxb5 f6
34. Rd1 Qc7 35. Qb4+ Ke8 36. Qb5 Ke7 37. Qb4+ Ke8 38. Qa4 Ke7 39. Qa3+ Ke8 40.
Qa4 Ke7 41. Qb5 Rf7 42. b4 Rg7 43. Qd3 h5 44. Ne3 Ne5 45. Qd4 Ke8 46. Rf1 Rd7
47. Qb2 Ke7 48. Qf2 1-0

[Event "OLNO 2122 Greifswalder SV - SC Kreuzber"]
[Site "?"]
[Date "2022.03.19"]
[Round "3.6"]
[White "Stopsack, Malte"]
[Black "Glienke, Manfred"]
[Result "0-1"]
[WhiteElo "2226"]
[BlackElo "2209"]
[PlyCount "54"]
[EventDate "2022.??.??"]

1. e4 c5 2. Nc3 Nc6 3. Bb5 e6 4. Bxc6 bxc6 5. d3 d5 6. Nge2 Nf6 7. f3 Ba6 8.
O-O d4 9. Nb1 c4 10. b3 c3 11. Na3 Bc5 12. Qe1 Qa5 13. Nc4 Bxc4 14. bxc4 Qa4
15. Qg3 Qxc2 16. Nf4 g6 17. Qg5 Nd7 18. e5 h6 19. Qg3 g5 20. Nxe6 fxe6 21. Qh3
Qxd3 22. Qxe6+ Kd8 23. Qxc6 Rc8 24. Qd5 Qf5 25. Re1 Re8 26. g4 Qe6 27. Qb7 Qb6
0-1

[Event "OLNO 2122 Greifswalder SV - SC Kreuzber"]
[Site "?"]
[Date "2022.03.19"]
[Round "3.7"]
[White "Vogel, Constantin"]
[Black "Valet, Richard"]
[Result "1-0"]
[WhiteElo "2209"]
[BlackElo "2027"]
[PlyCount "57"]
[EventDate "2022.??.??"]

1. c4 c5 2. g3 Nc6 3. Bg2 g6 4. Nc3 Bg7 5. a3 a5 6. d3 e5 7. Nf3 d6 8. O-O f5
9. Bg5 Nf6 10. Qd2 h6 11. Bxf6 Bxf6 12. Nd5 g5 13. Rab1 g4 14. Ne1 Bg5 15. e3
h5 16. f4 Bh6 17. Nc2 h4 18. b4 hxg3 19. hxg3 axb4 20. axb4 Bg7 21. bxc5 dxc5
22. Rb5 Ra2 23. Qc3 Qd6 24. Ra1 Rxc2 25. Qxc2 exf4 26. Ra8 f3 27. Rxc8+ Kf7 28.
Rxb7+ Kg6 29. Rxc6 1-0

[Event "OLNO 2122 Greifswalder SV - SC Kreuzber"]
[Site "?"]
[Date "2022.03.19"]
[Round "3.8"]
[White "Schwahn, Christian"]
[Black "Dathe, Frederick"]
[Result "0-1"]
[WhiteElo "1973"]
[BlackElo "2019"]
[PlyCount "80"]
[EventDate "2022.??.??"]

1. d4 Nf6 2. g3 g6 3. Bg2 Bg7 4. Nf3 O-O 5. O-O d6 6. c3 Nbd7 7. Nbd2 c6 8. e4
Qc7 9. Re1 e5 10. h3 Re8 11. Qc2 a5 12. Nf1 b5 13. Be3 exd4 14. Nxd4 Rb8 15.
Rad1 c5 16. Ne2 Bb7 17. f3 Ne5 18. Nf4 Re7 19. Qf2 Rbe8 20. Nh2 h5 21. g4 b4
22. gxh5 gxh5 23. Nf1 bxc3 24. bxc3 Nc4 25. Qh4 d5 26. Bf2 dxe4 27. fxe4 Bxe4
28. Ng3 Bxg2 29. Nxg2 Ne5 30. Re3 Qb7 31. Nf5 Re6 32. Nxg7 Kxg7 33. Rg3+ Ng6
34. Nf4 Re5 35. Nxg6 fxg6 36. Qa4 Rf5 37. Rg2 Re2 38. Qc4 Qf3 39. Rd7+ Nxd7 40.
Bd4+ cxd4 0-1

[Event "OLNO 2122 Forster SC 95 - SV Glückauf "]
[Site "?"]
[Date "2022.01.16"]
[Round "4.1"]
[White "Leniart, Arkadiusz"]
[Black "Aliavdin, Nikolai"]
[Result "1-0"]
[WhiteElo "2472"]
[BlackElo "2323"]
[PlyCount "73"]
[EventDate "2022.??.??"]

1. e4 c5 2. Nf3 Nc6 3. d4 cxd4 4. Nxd4 Nf6 5. Nc3 e5 6. Ndb5 d6 7. Bg5 a6 8.
Na3 b5 9. Nd5 Be7 10. Bxf6 Bxf6 11. c4 b4 12. Nc2 O-O 13. g3 a5 14. Bg2 g6 15.
Nxf6+ Qxf6 16. O-O Bb7 17. Qd2 Ra6 18. Rad1 Nd8 19. Ne3 Ne6 20. f4 exf4 21.
gxf4 Qh4 22. Nd5 Bxd5 23. cxd5 Nc5 24. e5 f6 25. Qe3 fxe5 26. fxe5 Qe7 27.
Rxf8+ Kxf8 28. Rc1 Kg7 29. Qd4 Nd7 30. exd6+ Qe5 31. Qxe5+ Nxe5 32. Rc6 Ra8 33.
d7 Rd8 34. Bh3 Rf8 35. Be6 Nf3+ 36. Kf2 Ng5+ 37. Ke2 1-0

[Event "OLNO 2122 Forster SC 95 - SV Glückauf "]
[Site "?"]
[Date "2022.01.16"]
[Round "4.2"]
[White "Kleeschaetzky, Rainer"]
[Black "Klimkowski, Jan"]
[Result "1/2-1/2"]
[WhiteElo "2286"]
[BlackElo "2352"]
[PlyCount "59"]
[EventDate "2022.??.??"]

1. e4 e5 2. Nf3 Nc6 3. Bb5 a6 4. Ba4 Nf6 5. O-O Be7 6. Re1 b5 7. Bb3 O-O 8. a4
Bb7 9. axb5 axb5 10. Rxa8 Bxa8 11. d3 d6 12. Nc3 b4 13. Nd5 Nxd5 14. Bxd5 Nd4
15. Nxd4 exd4 16. Bd2 c5 17. Bb3 Qd7 18. Qf3 Bc6 19. Ra1 Bf6 20. h3 Be5 21. Qg4
Qxg4 22. hxg4 Ra8 23. Rxa8+ Bxa8 24. g5 g6 25. Bc4 Bc6 26. Bb3 Kf8 27. Kf1 Ke7
28. Ke2 Bd7 29. Bd5 Ba4 30. b3 1/2-1/2

[Event "OLNO 2122 Forster SC 95 - SV Glückauf "]
[Site "?"]
[Date "2022.01.16"]
[Round "4.3"]
[White "Sieciechowicz, Marcin"]
[Black "Dabrowski, Grzegorz"]
[Result "1-0"]
[WhiteElo "2388"]
[BlackElo "2042"]
[PlyCount "82"]
[EventDate "2022.??.??"]

1. d4 Nf6 2. c4 e6 3. Nc3 c5 4. d5 exd5 5. cxd5 d6 6. e4 g6 7. f4 Bg7 8. Bb5+
Nfd7 9. a4 O-O 10. Nf3 Na6 11. O-O Nb4 12. Kh1 a6 13. Bxd7 Bxd7 14. f5 c4 15.
Bg5 Bf6 16. Qd2 Nd3 17. Bxf6 Qxf6 18. g4 Ne5 19. g5 Nxf3 20. Rxf3 Qe5 21. a5 f6
22. Rg1 Kh8 23. Rh3 Rg8 24. Qf2 Raf8 25. Rh6 Rf7 26. Qh4 fxg5 27. Qxg5 Rfg7 28.
fxg6 Qxg5 29. Rxg5 Rxg6 30. Rgxg6 Rxg6 31. Rxg6 hxg6 32. Kg2 Kg7 33. Kf3 Kf6
34. Nb1 Kg5 35. Nd2 Bb5 36. Kg3 Kh5 37. Nf3 Kh6 38. Kf4 Kg7 39. e5 dxe5+ 40.
Kxe5 Kf7 41. Kd4 Kf6 1-0

[Event "OLNO 2122 Forster SC 95 - SV Glückauf "]
[Site "?"]
[Date "2022.01.16"]
[Round "4.4"]
[White "Szylko, Waldemar"]
[Black "Szadkowski, Kamil"]
[Result "0-1"]
[WhiteElo "1898"]
[BlackElo "2323"]
[PlyCount "78"]
[EventDate "2022.??.??"]

1. e4 c5 2. Nc3 a6 3. g3 b5 4. Bg2 Bb7 5. d3 e6 6. f4 d6 7. Nf3 Be7 8. O-O Nf6
9. h3 Nc6 10. g4 d5 11. e5 Nd7 12. Ne2 h5 13. g5 Qc7 14. c3 O-O-O 15. Be3 Bf8
16. h4 Ne7 17. Ng3 d4 18. cxd4 Nd5 19. Bd2 Kb8 20. dxc5 Nxc5 21. Qe2 Na4 22.
Rab1 Bb4 23. Rfc1 Qa5 24. Ne4 Bxd2 25. Nfxd2 Nxf4 26. Qe3 Nxg2 27. Kxg2 Rxd3
28. Qxd3 Rd8 29. Nb3 Rxd3 30. Nxa5 Bxe4+ 31. Kf2 Rh3 32. Re1 Nxb2 33. Rg1 Nd3+
34. Ke2 Nxe5 35. Nb3 Nc4 36. Kf2 Bd5 37. Nc5 Ka7 38. a4 b4 39. a5 b3 0-1

[Event "OLNO 2122 Forster SC 95 - SV Glückauf "]
[Site "?"]
[Date "2022.01.16"]
[Round "4.5"]
[White "Dudzinski, Piotr"]
[Black "Zeihser, Michael"]
[Result "1-0"]
[WhiteElo "2314"]
[BlackElo "2148"]
[PlyCount "59"]
[EventDate "2022.??.??"]

1. e4 c5 2. c3 Nc6 3. d4 d5 4. exd5 Qxd5 5. Nf3 Bg4 6. Be2 cxd4 7. cxd4 e6 8.
Nc3 Qd8 9. O-O Nf6 10. Be3 Be7 11. h3 Bh5 12. Qb3 Qb6 13. Qxb6 axb6 14. g4 Bg6
15. Ne5 Nd7 16. Nxd7 Kxd7 17. d5 exd5 18. Nxd5 Bd8 19. Rfd1 Ke8 20. Nxb6 Bxb6
21. Bxb6 h5 22. Bf3 hxg4 23. Bxg4 f6 24. Bc7 Rc8 25. Bd6 Rd8 26. b4 Rd7 27. b5
Na7 28. b6 f5 29. Bc7 fxg4 30. bxa7 1-0

[Event "OLNO 2122 Forster SC 95 - SV Glückauf "]
[Site "?"]
[Date "2022.01.16"]
[Round "4.6"]
[White "Stark, Eduard"]
[Black "Sroczynski, Maciej"]
[Result "0-1"]
[WhiteElo "2007"]
[BlackElo "2269"]
[PlyCount "157"]
[EventDate "2022.??.??"]

1. e4 c5 2. Nf3 d6 3. d4 cxd4 4. Nxd4 Nf6 5. f3 e6 6. c4 Be7 7. Nc3 O-O 8. Nb3
Nc6 9. Be3 Re8 10. a3 b6 11. Be2 Bb7 12. O-O Rc8 13. Rc1 Ne5 14. Nb5 a6 15.
N5d4 d5 16. cxd5 exd5 17. exd5 Nxd5 18. Bd2 Bd6 19. f4 Rxc1 20. Qxc1 Nd7 21.
Bf3 Qf6 22. g3 Bc5 23. Bc3 Nxc3 24. Qxc3 Bxf3 25. Rxf3 Bf8 26. Re3 Rxe3 27.
Qxe3 g6 28. Nd2 Bc5 29. N2f3 b5 30. b4 Ba7 31. Kg2 Bb6 32. Qe8+ Nf8 33. Qe5
Qxe5 34. fxe5 Nd7 35. e6 fxe6 36. Nxe6 h6 37. Ned4 Kf7 38. Kf2 Ke7 39. Ke3 Kd6
40. Kd3 Kd5 41. Ne2 Ne5+ 42. Nxe5 Kxe5 43. Nc3 Bg1 44. h3 Bd4 45. Ne4 Bb6 46.
Nd2 Bc7 47. Ne4 Bb6 48. Nd2 Kd5 49. Ne4 h5 50. Nf6+ Ke6 51. Ne4 Ke5 52. Ng5 Bf2
53. Ne4 Bb6 54. Ng5 Bc7 55. Ne4 Kd5 56. Nf6+ Ke5 57. Ne4 Bb6 58. Ng5 Kf5 59.
Nf3 Bf2 60. Nd4+ Kf6 61. Ne2 Ke5 62. Nf4 Kf5 63. Ne2 g5 64. Nd4+ Kf6 65. g4
hxg4 66. hxg4 Ke5 67. Nf5 Kf4 68. Nh6 Bb6 69. Kc3 Ke4 70. Nf7 Kf4 71. a4 Kxg4
72. axb5 axb5 73. Nd6 Kf3 74. Nxb5 Ke3 75. Na3 g4 76. Nb1 Ke2 77. Kc2 g3 78.
Nd2 g2 79. Nc4 0-1

[Event "OLNO 2122 SC Kreuzberg - Forster SC 95"]
[Site "?"]
[Date "2022.03.06"]
[Round "6.1"]
[White "Aliavdin, Nikolai"]
[Black "Glantz, Robert"]
[Result "0-1"]
[WhiteElo "2314"]
[BlackElo "2318"]
[PlyCount "80"]
[EventDate "2022.??.??"]

1. e4 c5 2. Nf3 e6 3. d4 cxd4 4. Nxd4 Nc6 5. Nc3 Qc7 6. g4 a6 7. Be3 b5 8. Nxc6
Qxc6 9. Qd2 b4 10. Ne2 Bb7 11. O-O-O Nf6 12. f3 d5 13. g5 Nd7 14. Nd4 Qc7 15.
exd5 Bxd5 16. Kb1 Bc5 17. Rg1 O-O 18. f4 Nb6 19. Qf2 Be4 20. Bd3 Bxd3 21. Rxd3
Nd5 22. Bc1 Qb6 23. Ka1 Rab8 24. Re1 Rfd8 25. f5 exf5 26. Qh4 Bxd4 27. Rxd4 Qc6
28. Red1 Rd7 29. Qf2 g6 30. Qg2 Rbd8 31. h4 Qe6 32. h5 gxh5 33. Qh1 a5 34. Rh4
Ne3 35. Rxd7 Rxd7 36. Kb1 Rd1 37. Qa8+ Kg7 38. Rh1 Qc4 39. Rxd1 Qxc2+ 40. Ka1
Nxd1 0-1

[Event "OLNO 2122 SC Kreuzberg - Forster SC 95"]
[Site "?"]
[Date "2022.03.06"]
[Round "6.2"]
[White "Muse, Drazen"]
[Black "Kleeschaetzky, Rainer"]
[Result "1/2-1/2"]
[WhiteElo "2325"]
[BlackElo "2288"]
[PlyCount "27"]
[EventDate "2022.??.??"]

1. e4 e6 2. d4 d5 3. e5 c5 4. c3 Nc6 5. Nf3 Bd7 6. Be2 Rc8 7. O-O cxd4 8. cxd4
Nge7 9. Nc3 Ng6 10. g3 Be7 11. h4 O-O 12. h5 Nh8 13. h6 g6 14. Kg2 1/2-1/2

[Event "OLNO 2122 SC Kreuzberg - Forster SC 95"]
[Site "?"]
[Date "2022.03.06"]
[Round "6.3"]
[White "Bielinski, Dariusz"]
[Black "Moritz, Aron"]
[Result "1-0"]
[WhiteElo "2100"]
[BlackElo "2208"]
[PlyCount "77"]
[EventDate "2022.??.??"]

1. Nf3 Nf6 2. c4 g6 3. Nc3 Bg7 4. e4 d6 5. d4 O-O 6. Be2 Na6 7. O-O e5 8. d5
Nc5 9. Qc2 a5 10. Bg5 h6 11. Be3 b6 12. Nd2 Nh5 13. Bxh5 gxh5 14. a3 h4 15. b4
Na6 16. bxa5 h3 17. g3 f5 18. exf5 Bxf5 19. Nce4 Nc5 20. axb6 cxb6 21. f3 Qd7
22. Bxc5 bxc5 23. a4 h5 24. a5 Ra6 25. Qc3 Bh6 26. Kh1 Qf7 27. Rae1 Qg6 28. Rg1
Ra7 29. g4 hxg4 30. fxg4 Bxe4+ 31. Nxe4 Rf4 32. g5 Bf8 33. Nf6+ Kg7 34. Qxh3
Rxc4 35. Ref1 Rf4 36. Nh5+ Kg8 37. Nxf4 exf4 38. Rxf4 Bg7 39. Qc8+ 1-0

[Event "OLNO 2122 SC Kreuzberg - Forster SC 95"]
[Site "?"]
[Date "2022.03.06"]
[Round "6.4"]
[White "Glienke, Manfred"]
[Black "Dabrowski, Grzegorz"]
[Result "1/2-1/2"]
[WhiteElo "2209"]
[BlackElo "2040"]
[PlyCount "38"]
[EventDate "2022.??.??"]

1. Nf3 Nf6 2. d4 e6 3. g3 c5 4. Bg2 cxd4 5. Nxd4 Nc6 6. O-O Qb6 7. Nb3 d5 8. a4
Be7 9. a5 Qd8 10. Nc3 O-O 11. Bf4 Bb4 12. Bd2 Bd7 13. Nb1 Rc8 14. Re1 Qe7 15.
Bxb4 Nxb4 16. c3 Nc6 17. N1d2 Rfd8 18. e4 dxe4 19. Nxe4 Be8 1/2-1/2

[Event "OLNO 2122 SC Kreuzberg - Forster SC 95"]
[Site "?"]
[Date "2022.03.06"]
[Round "6.5"]
[White "Stahr, Ralf-Peter"]
[Black "Vogel, Constantin"]
[Result "1-0"]
[WhiteElo "2124"]
[BlackElo "2209"]
[PlyCount "67"]
[EventDate "2022.??.??"]

1. c4 Nf6 2. Nc3 c5 3. Nf3 g6 4. d4 cxd4 5. Nxd4 Nc6 6. e4 Nxd4 7. Qxd4 d6 8.
Be2 Bg7 9. O-O O-O 10. Bg5 h6 11. Bh4 Be6 12. Qd2 Rc8 13. b3 Qa5 14. Rad1 g5
15. Bg3 b5 16. f3 bxc4 17. Nd5 c3 18. Nxe7+ Kh8 19. Qe3 c2 20. Rc1 Rc3 21. Qd2
Rd8 22. Be1 Nh5 23. g3 Qxa2 24. f4 Nxg3 25. hxg3 Qxb3 26. Kg2 Rd7 27. Nf5 Bxf5
28. exf5 Re7 29. fxg5 Rce3 30. Bf3 Bc3 31. Qxd6 Rxe1 32. Qxh6+ Kg8 33. f6 R1e2+
34. Kh1 1-0

[Event "OLNO 2122 SC Kreuzberg - Forster SC 95"]
[Site "?"]
[Date "2022.03.06"]
[Round "6.6"]
[White "Dathe, Frederick"]
[Black "Szylko, Waldemar"]
[Result "1-0"]
[WhiteElo "2019"]
[BlackElo "1897"]
[PlyCount "55"]
[EventDate "2022.??.??"]

1. c4 c6 2. Nf3 f5 3. g3 Nf6 4. Bg2 e6 5. d4 d5 6. Nc3 Be7 7. O-O O-O 8. Ne5
Nbd7 9. cxd5 exd5 10. Nd3 Ne4 11. Qb3 Kh8 12. f3 Nxc3 13. bxc3 Bd6 14. Bd2 Nb6
15. Rae1 Nc4 16. Bc1 Qb6 17. e4 fxe4 18. fxe4 Rxf1+ 19. Bxf1 Be6 20. e5 Be7 21.
Nf4 Bg8 22. Qd1 c5 23. e6 Qd6 24. Qh5 g5 25. Ng6+ Kg7 26. Nxe7 Qxe7 27. Bxg5
Qe8 28. Qh6+ 1-0

[Event "OLNO 2122 SC Kreuzberg - Forster SC 95"]
[Site "?"]
[Date "2022.03.06"]
[Round "6.7"]
[White "Zeihser, Michael"]
[Black "Moser, Axel"]
[Result "1/2-1/2"]
[WhiteElo "2137"]
[BlackElo "2105"]
[PlyCount "83"]
[EventDate "2022.??.??"]

1. d4 Nf6 2. c4 c5 3. Nf3 cxd4 4. Nxd4 e5 5. Nb3 d5 6. cxd5 Qxd5 7. Qxd5 Nxd5
8. e4 Nb4 9. Bb5+ N8c6 10. Na3 Be6 11. O-O O-O-O 12. Bc4 Be7 13. Bxe6+ fxe6 14.
Bd2 b6 15. Bc3 Nd3 16. Nc2 Rd7 17. g3 Rhd8 18. Kg2 Kb7 19. Ne1 Bb4 20. Nxd3
Rxd3 21. Rac1 a5 22. Rc2 Bxc3 23. bxc3 a4 24. Na1 Rd2 25. Rfc1 Na5 26. h4 Nc4
27. Rxd2 Rxd2 28. Nc2 Nb2 29. Nb4 Nd1 30. Kg1 Kc7 31. c4 Kd6 32. Na6 Nxf2 33.
c5+ bxc5 34. Nxc5 Rxa2 35. Nb7+ Ke7 36. Nc5 Kf7 37. Rc3 Ng4 38. Rd3 Ra1+ 39.
Kg2 Ra2+ 40. Kg1 Ra1+ 41. Kg2 Ra2+ 42. Kg1 1/2-1/2

[Event "OLNO 2122 SC Kreuzberg - Forster SC 95"]
[Site "?"]
[Date "2022.03.06"]
[Round "6.8"]
[White "Schnitzer, Peter"]
[Black "Stark, Eduard"]
[Result "1-0"]
[WhiteElo "2114"]
[BlackElo "2003"]
[PlyCount "83"]
[EventDate "2022.??.??"]

1. e4 c6 2. Nc3 d5 3. Nf3 Bg4 4. h3 Bh5 5. exd5 cxd5 6. Bb5+ Nc6 7. g4 Bg6 8.
Ne5 Rc8 9. d4 e6 10. Qe2 Be7 11. Bf4 Qb6 12. O-O-O a6 13. Ba4 Qa7 14. Bxc6+
bxc6 15. h4 f6 16. Nxg6 hxg6 17. Qxe6 Qd7 18. Qe2 Kf7 19. f3 Bd6 20. Bxd6 Qxd6
21. Qxa6 Ne7 22. Qd3 Ra8 23. Rde1 Rhb8 24. h5 g5 25. Re2 Qb4 26. b3 Qa3+ 27.
Kd2 Qd6 28. Rhe1 Ra7 29. Kc1 Qa3+ 30. Kb1 Qb4 31. Re3 Rd8 32. R1e2 Rh8 33. Kc1
Qa3+ 34. Kd2 Qd6 35. Na4 Qf4 36. Kd1 Rh6 37. Qc3 g6 38. Qc5 Qc7 39. Rxe7+ Qxe7
40. Rxe7+ Rxe7 41. hxg6+ Rxg6 42. Qxc6 1-0

[Event "OLNO 2122 SF Berlin III - TSG Oberschö"]
[Site "?"]
[Date "2022.03.06"]
[Round "6.1"]
[White "Rosenthal, Dirk"]
[Black "Hoffmann, Udo"]
[Result "1-0"]
[WhiteElo "2398"]
[BlackElo "2326"]
[PlyCount "85"]
[EventDate "2022.??.??"]

1. d4 Nf6 2. c4 e6 3. Nc3 Bb4 4. Qc2 O-O 5. a3 Bxc3+ 6. Qxc3 d6 7. Nf3 Nbd7 8.
b4 c5 9. Bb2 b6 10. e3 Bb7 11. Be2 Rc8 12. dxc5 bxc5 13. b5 e5 14. O-O Ne4 15.
Qc2 f5 16. Rad1 Rf6 17. Bd3 Rg6 18. Ne1 Qh4 19. f3 Rh6 20. h3 Ng3 21. Bxf5 Nxf1
22. Kxf1 Rd8 23. Bxd7 Rxd7 24. Bxe5 Re6 25. Bf4 Qf6 26. Qd2 Qh4 27. Qd3 Rf7 28.
Qc2 g5 29. Rxd6 Re8 30. Bh2 g4 31. Qf2 Qxf2+ 32. Kxf2 gxf3 33. gxf3 Re4 34. Nd3
Rxc4 35. Rd8+ Kg7 36. Be5+ Kg6 37. Nf4+ Kf5 38. Re8 Rc1 39. Bh8 Rf6 40. Ne2 Rc2
41. e4+ Kg6 42. Bxf6 Kxf6 43. Rb8 1-0

[Event "OLNO 2122 SF Berlin III - TSG Oberschö"]
[Site "?"]
[Date "2022.03.06"]
[Round "6.2"]
[White "Nogly, Christoph"]
[Black "Meyer-Dunker, Paul"]
[Result "0-1"]
[WhiteElo "2245"]
[BlackElo "2082"]
[PlyCount "110"]
[EventDate "2022.??.??"]

1. d4 d5 2. Nf3 e6 3. c4 dxc4 4. e3 Nf6 5. Bxc4 a6 6. O-O c5 7. Be2 Nc6 8. dxc5
Bxc5 9. Qxd8+ Kxd8 10. Nbd2 Ke7 11. b3 Bd7 12. Bb2 Rac8 13. Rac1 Nb4 14. Ne1 a5
15. Nc4 b6 16. a3 Nbd5 17. Nd3 Bb5 18. Nxc5 Rxc5 19. Bd4 Rc6 20. Rce1 Bxc4 21.
bxc4 Nc7 22. Rb1 Nd7 23. e4 e5 24. Be3 Ne6 25. Rfd1 Ndc5 26. f3 Rd8 27. Rd5 f6
28. Bd1 Rcd6 29. Bc2 R8d7 30. g3 g5 31. Kf2 Kd8 32. Bd1 Kc7 33. Be2 Na4 34. Rc1
Nac5 35. Bf1 Rd8 36. Rcd1 Na4 37. Bh3 Nec5 38. Bf1 Nc3 39. Rc1 Nxd5 40. cxd5
Kb7 41. Bxc5 bxc5 42. Rxc5 Rc8 43. Rxa5 Rc2+ 44. Be2 Rb6 45. a4 Kc7 46. Rb5 Ra2
47. h4 Rxa4 48. Rxb6 Kxb6 49. hxg5 fxg5 50. Bf1 Ra2+ 51. Ke3 Kc5 52. Bh3 h5 53.
Bf5 Ra3+ 54. Kf2 Kd4 55. f4 Ra2+ 0-1

[Event "OLNO 2122 SF Berlin III - TSG Oberschö"]
[Site "?"]
[Date "2022.03.06"]
[Round "6.3"]
[White "Horn, Sven"]
[Black "Noetzel, Felix"]
[Result "0-1"]
[WhiteElo "2075"]
[BlackElo "2215"]
[PlyCount "120"]
[EventDate "2022.??.??"]

1. e4 c5 2. Nf3 Nc6 3. Bb5 g6 4. O-O Bg7 5. Re1 e5 6. c3 Nge7 7. d3 O-O 8. Be3
Qb6 9. Na3 d5 10. Qc1 d4 11. Bh6 Bg4 12. Bxg7 Kxg7 13. Nh4 f6 14. h3 Bd7 15.
Nf3 a6 16. Ba4 Qc7 17. cxd4 cxd4 18. Bb3 Rac8 19. Qd2 b5 20. Rac1 Qd6 21. Nc2
g5 22. Nh2 Ng6 23. Nf1 Nf4 24. Ng3 Ne7 25. Nb4 a5 26. Nd5 Nexd5 27. exd5 a4 28.
Ne4 Qb6 29. Rxc8 Bxc8 30. Bd1 Nxd5 31. Nxg5 fxg5 32. Qxg5+ Qg6 33. Rxe5 Nf4 34.
Rxb5 Qxg5 35. Rxg5+ Kf6 36. Ra5 Nxd3 37. Rxa4 Ke5 38. Ra5+ Kd6 39. Bf3 Be6 40.
b3 Ne5 41. Ra6+ Ke7 42. Bd1 Rc8 43. Kf1 Rc1 44. Ke1 Rb1 45. Ra4 Nc6 46. Kd2
Rb2+ 47. Kc1 Rxf2 48. Bf3 Ne5 49. Rxd4 Nxf3 50. gxf3 Rxa2 51. b4 Bxh3 52. b5
Bf5 53. Rb4 Ra1+ 54. Kd2 Rb1 55. Rxb1 Bxb1 56. Ke3 Kd6 57. Kf4 Kc5 58. Kg5 Kxb5
59. f4 Kc5 60. f5 Kd6 0-1

[Event "OLNO 2122 SF Berlin III - TSG Oberschö"]
[Site "?"]
[Date "2022.03.06"]
[Round "6.4"]
[White "Modler, Andreas"]
[Black "Postler, Reinhard"]
[Result "1-0"]
[WhiteElo "2215"]
[BlackElo "2184"]
[PlyCount "67"]
[EventDate "2022.??.??"]

1. c4 c6 2. Nf3 d5 3. e3 Nf6 4. Nc3 e6 5. Qc2 Bd6 6. b3 Nbd7 7. d4 Qe7 8. Be2
O-O 9. O-O b6 10. Bb2 Bb7 11. Rad1 Rfe8 12. Rfe1 e5 13. dxe5 Nxe5 14. cxd5 cxd5
15. Nb5 Nxf3+ 16. Bxf3 Rac8 17. Qf5 Bb4 18. Rf1 Rc5 19. Bxf6 Qxf6 20. Qxf6 gxf6
21. Nd6 Re7 22. Nxb7 Rxb7 23. Rxd5 Rxd5 24. Bxd5 Rc7 25. Bc4 Rd7 26. a4 f5 27.
g3 Kg7 28. Rc1 Bc5 29. Kg2 a5 30. Kf3 Kf6 31. Ke2 Bb4 32. Bd3 Bc5 33. Rc4 Rd5
34. Rh4 1-0

[Event "OLNO 2122 SF Berlin III - TSG Oberschö"]
[Site "?"]
[Date "2022.03.06"]
[Round "6.5"]
[White "Boewer, Roland"]
[Black "Gaerths, Ronny"]
[Result "1/2-1/2"]
[WhiteElo "2171"]
[BlackElo "2164"]
[PlyCount "50"]
[EventDate "2022.??.??"]

1. Nf3 Nf6 2. g3 d5 3. Bg2 c6 4. O-O Bg4 5. d3 Nbd7 6. Nbd2 e6 7. h3 Bxf3 8.
Nxf3 Bc5 9. c3 O-O 10. Nd2 Qc7 11. d4 Bb6 12. Nf3 c5 13. Bf4 Qd8 14. Ne5 cxd4
15. cxd4 Nh5 16. Nxd7 Qxd7 17. Bc1 Nf6 18. b3 Rfc8 19. Bb2 a5 20. a4 Bd8 21.
Qd3 Rab8 22. Rfc1 h6 23. Rxc8 Rxc8 24. Rc1 Rxc1+ 25. Bxc1 Qc6 1/2-1/2

[Event "OLNO 2122 SF Berlin III - TSG Oberschö"]
[Site "?"]
[Date "2022.03.06"]
[Round "6.6"]
[White "Van Hasselt, Frank"]
[Black "Lange, Cecilia"]
[Result "1-0"]
[WhiteElo "2226"]
[BlackElo "1971"]
[PlyCount "67"]
[EventDate "2022.??.??"]

1. c4 e6 2. g3 d5 3. Bg2 Nf6 4. Nf3 Be7 5. O-O O-O 6. b3 c5 7. Bb2 Nc6 8. e3 b6
9. Qe2 Bb7 10. cxd5 Nxd5 11. Rd1 Bf6 12. d4 cxd4 13. Nxd4 Nxd4 14. Bxd4 Rc8 15.
Na3 Bxd4 16. Rxd4 Qe7 17. Nc4 Rfd8 18. Qd2 b5 19. Rd1 bxc4 20. bxc4 Rc5 21.
cxd5 exd5 22. e4 Qc7 23. exd5 Rc2 24. Qb4 Rc1 25. h4 Rxd1+ 26. Rxd1 Qc2 27. Rd2
Qc7 28. Kh2 Qc8 29. Rd4 Ba8 30. a4 Qc2 31. Qe7 Rf8 32. Rf4 Qd2 33. Qxa7 Bxd5
34. Qd7 1-0

[Event "OLNO 2122 SF Berlin III - TSG Oberschö"]
[Site "?"]
[Date "2022.03.06"]
[Round "6.7"]
[White "Westphal, Julian"]
[Black "Weber, Daniel"]
[Result "0-1"]
[WhiteElo "1806"]
[BlackElo "2120"]
[PlyCount "92"]
[EventDate "2022.??.??"]

1. d4 Nf6 2. c4 g6 3. Nc3 Bg7 4. e4 d6 5. Nge2 O-O 6. Ng3 c5 7. d5 e6 8. Bd3
Re8 9. O-O a6 10. a4 Qb6 11. Rb1 Nbd7 12. Be3 Qa5 13. f3 exd5 14. cxd5 Ne5 15.
Be2 Bd7 16. Bd2 c4 17. b4 Qb6+ 18. Kh1 Qd4 19. Qc1 Nd3 20. Be3 Nxc1 21. Bxd4
Nb3 22. Be3 b5 23. a5 Ng4 24. fxg4 Bxc3 25. Bd1 Bxb4 26. Bb6 Bxa5 27. Bxb3 Bxb6
28. Bxc4 Bxg4 29. h3 Bd7 30. Bd3 Bc5 31. Ne2 b4 32. Nc1 a5 33. Nb3 Bb6 34. Nd2
Bd4 35. Nc4 Bb5 36. Rfd1 Bxc4 37. Bxc4 Rxe4 38. Bd3 Re3 39. Bxg6 hxg6 40. Rxd4
Rb8 41. Kg1 Re2 42. Kf1 Rc2 43. Rb3 Rb5 44. h4 a4 45. Rbxb4 Rxb4 46. Rxb4 a3
0-1

[Event "OLNO 2122 SF Berlin III - TSG Oberschö"]
[Site "?"]
[Date "2022.03.06"]
[Round "6.8"]
[White "Offermann, Fernando"]
[Black "Nguyen, Phuc Nhat"]
[Result "1/2-1/2"]
[WhiteElo "2170"]
[BlackElo "1742"]
[PlyCount "79"]
[EventDate "2022.??.??"]

1. Nf3 d5 2. g3 Nf6 3. Bg2 g6 4. O-O Bg7 5. d3 O-O 6. Nbd2 Nbd7 7. e4 dxe4 8.
dxe4 e5 9. b3 Qe7 10. a4 Rd8 11. Ba3 c5 12. Qe2 Nb8 13. Nc4 Nc6 14. c3 b6 15.
Qc2 Ba6 16. Nfd2 Na5 17. Nxa5 Bxf1 18. Nc6 Qd7 19. Nxd8 Bd3 20. Qa2 Rxd8 21.
Re1 Qc6 22. f3 Bh6 23. Bc1 Qe6 24. c4 Qd6 25. Qb2 Qd4+ 26. Qxd4 Rxd4 27. Nf1
Bxc1 28. Rxc1 Be2 29. Kf2 Bxf1 30. Bxf1 Nd7 31. Ke3 Nb8 32. Be2 Nc6 33. Ra1 Nb4
34. Rc1 Na2 35. Ra1 Nb4 36. Rc1 Nc6 37. Rc2 Na5 38. Rb2 Nc6 39. Rb1 Nb4 40. Rc1
1/2-1/2